[Event "COL-ch sf"]
[Site "Pereira"]
[Date "2024.03.31"]
[Round "10"]
[White "Molano, Walter Rene"]
[Black "Buitrago Grajales, Juan Carlos"]
[Result "0-1"]
[WhiteElo "1804"]
[BlackElo "1930"]
[PlyCount "80"]
[EventDate "2024.03.26"]
[EventType "swiss"]
[EventRounds "11"]
[EventCountry "COL"]
[SourceTitle "CB14_2024"]
[SourceDate "2024.04.01"]
[SourceVersion "1"]
[SourceVersionDate "2024.04.01"]
[SourceQuality "1"]

1. e4 e5 2. Nf3 Nc6 3. Bb5 a6 4. Ba4 Nf6 5. d3 b5 6. Bb3 Be7 7. c3 0-0 8. 0-0 d6 9. h3 Na5 10. Bc2 c5 11. Re1 Qc7 12. Nbd2 Bb7 13. Nf1 Rfe8 14. Ng3 g6 15. Bg5 Nd7 16. h4 Nf8 17. h5 Ne6 18. Bh6 Bf8 19. Be3 Qe7 20. Qd2 Bg7 21. Kh2 Bf6 22. Rh1 d5 23. exd5 Bxd5 24. hxg6 hxg6 25. Bd1 Rad8 26. Qe2 Nf4 27. Bxf4 exf4 28. Ne4 Bxe4 29. dxe4 Qxe4 30. Re1 Qxe2 31. Bxe2 Re6 32. a4 Nb3 33. Rad1 Rxd1 34. Bxd1 Rxe1 35. Nxe1 bxa4 36. Bxb3 axb3 37. Nd3 c4 38. Nc5 Bxc3 39. Na4 Bxb2 40. Nxb2 c3 0-1

[Event "COL-ch sf"]
[Site "Pereira"]
[Date "2024.03.27"]
[Round "4"]
[White "Bode Polanco, Michael Steven"]
[Black "Molano, Walter Rene"]
[Result "1/2-1/2"]
[WhiteElo "1590"]
[BlackElo "1804"]
[PlyCount "116"]
[EventDate "2024.03.26"]
[EventType "swiss"]
[EventRounds "11"]
[EventCountry "COL"]
[SourceTitle "CB14_2024"]
[SourceDate "2024.04.01"]
[SourceVersion "1"]
[SourceVersionDate "2024.04.01"]
[SourceQuality "1"]

1. e4 e5 2. Nf3 Nc6 3. Bb5 a6 4. Ba4 Nf6 5. c3 Be7 6. 0-0 0-0 7. d4 b5 8. Bc2 d6 9. h3 Bb7 10. Nbd2 Re8 11. Re1 exd4 12. Nxd4 Nxd4 13. cxd4 Nd7 14. Nf3 c5 15. d5 Bf6 16. a4 b4 17. a5 Ne5 18. Nxe5 Bxe5 19. Bb3 Bc8 20. Re2 Qf6 21. Qd3 Bb7 22. Bc4 Bc8 23. Ra2 Qg6 24. b3 f5 25. exf5 Bxf5 26. Qf3 Rf8 27. Rxe5 dxe5 28. Re2 Bd7 29. Qd3 Qxd3 30. Bxd3 Bb5 31. Bxb5 axb5 32. Bg5 Rfe8 33. d6 h6 34. Be7 c4 35. Rxe5 c3 36. d7 Rxe7 37. Rxe7 Kf8 38. Re5 Rd8 39. Rxb5 Rxd7 40. Rc5 Rd1+ 41. Kh2 Ra1 42. Kg3 Ra3 43. Rc4 Rxa5 44. Kf4 Ke7 45. Ke4 Rb5 46. Kd3 Kd6 47. Kc2 Kd5 48. Kd3 Rb6 49. Kc2 g5 50. Kd3 h5 51. f3 h4 52. Kc2 Rb5 53. Kd3 Rc5 54. Rd4+ Ke5 55. Re4+ Kf5 56. Kc2 Rb5 57. Rd4 Ke5 58. Re4+ Kd5 1/2-1/2

[Event "Manizales Feria op 29th"]
[Site "Manizales"]
[Date "2024.01.07"]
[Round "5"]
[White "Molano, Walter Rene"]
[Black "Puerta Rendon, Jacobo"]
[Result "0-1"]
[WhiteElo "1683"]
[BlackElo "1776"]
[PlyCount "66"]
[EventDate "2024.01.05"]
[EventType "swiss"]
[EventRounds "7"]
[EventCountry "COL"]
[SourceTitle "CB02_2024"]
[SourceDate "2024.01.10"]
[SourceVersion "1"]
[SourceVersionDate "2024.01.10"]
[SourceQuality "1"]

1. e4 e5 2. Nf3 Nc6 3. d4 exd4 4. Nxd4 Bb4+ 5. c3 Bc5 6. Be3 Bb6 7. Nf5 Bxe3 8. Nxe3 Nge7 9. Bd3 d5 10. Qc2 Be6 11. f4 dxe4 12. Bxe4 Nd5 13. Nxd5 Bxd5 14. 0-0 Bxe4 15. Re1 0-0 16. Rxe4 Qd5 17. Nd2 Rad8 18. Nf3 Rde8 19. Rae1 Rxe4 20. Rxe4 Qxa2 21. Ng5 g6 22. Re3 Qc4 23. Qf2 Rd8 24. Qh4 Rd1+ 25. Kf2 Qf1+ 26. Kg3 h5 27. Ne4 Rd3 28. Nf6+ Kg7 29. Rxd3 Qxd3+ 30. Kf2 Qd8 31. Nxh5+ gxh5 32. Qxh5 Qd2+ 33. Kf1 Qxf4+ 0-1

[Event "Manizales op 28th"]
[Site "Manizales"]
[Date "2023.01.09"]
[Round "8"]
[White "Perez, William"]
[Black "Molano, Walter Rene"]
[Result "1-0"]
[WhiteElo "1910"]
[BlackElo "1662"]
[PlyCount "65"]
[EventDate "2023.01.05"]
[EventType "swiss"]
[EventRounds "8"]
[EventCountry "COL"]
[SourceTitle "CBM 212 Extra"]
[Source "ChessBase"]
[SourceDate "2023.03.31"]
[SourceVersion "1"]
[SourceVersionDate "2023.03.31"]
[SourceQuality "1"]

1. c4 Nf6 2. g3 e5 3. Bg2 Nc6 4. Nc3 Bc5 5. e3 d6 6. Nge2 h5 7. d4 exd4 8. exd4 Bb6 9. Bg5 Bg4 10. Qd2 Ba5 11. 0-0-0 Qe7 12. Rhe1 0-0-0 13. Qf4 Qd7 14. Rd2 Rde8 15. Bxf6 gxf6 16. Qxf6 Bxc3 17. bxc3 Na5 18. Rb2 Qa4 19. Bd5 c6 20. Bxf7 Rhf8 21. Qg7 Rxf7 22. Qxf7 Bd7 23. Kb1 Nxc4 24. Rb4 Na3+ 25. Kb2 Qa6 26. Qxh5 Nc4+ 27. Ka1 Na3 28. Rb2 Qd3 29. Rc1 c5 30. dxc5 Bb5 31. c4 Ba4 32. cxd6 Nxc4 33. Qc5+ 1-0

[Event "Manizales op 28th"]
[Site "Manizales"]
[Date "2023.01.06"]
[Round "3"]
[White "Molano, Walter Rene"]
[Black "Cardona Marin, Fabio"]
[Result "0-1"]
[WhiteElo "1662"]
[BlackElo "1890"]
[PlyCount "63"]
[EventDate "2023.01.05"]
[EventType "swiss"]
[EventRounds "8"]
[EventCountry "COL"]
[SourceTitle "CBM 212 Extra"]
[Source "ChessBase"]
[SourceDate "2023.03.31"]
[SourceVersion "1"]
[SourceVersionDate "2023.03.31"]
[SourceQuality "1"]

1. e4 e6 2. d4 d5 3. Nc3 dxe4 4. Nxe4 Nd7 5. Nf3 Ngf6 6. Bd3 Nxe4 7. Bxe4 Nf6 8. Qe2 Nxe4 9. Qxe4 Be7 10. b3 a5 11. Bb2 a4 12. Rd1 c6 13. 0-0 0-0 14. Rfe1 axb3 15. axb3 Ra2 16. Bc3 Qd5 17. Qd3 Qb5 18. Qxb5 cxb5 19. Re2 Rd8 20. Ra1 Rxa1+ 21. Bxa1 b4 22. Nd2 Bf6 23. Nf3 Bd7 24. Rd2 Bc6 25. Kf1 Ra8 26. Rd1 Bxf3 27. gxf3 Ra2 28. c3 Bh4 29. c4 Rxf2+ 30. Kg1 Re2 31. d5 exd5 32. cxd5 0-1

[Event "Pereira Fiestas de la Cosecha"]
[Site "Pereira"]
[Date "2022.08.28"]
[Round "10"]
[White "Zuluaga A, Ernesto Uriel"]
[Black "Molano, Walter Rene"]
[Result "1-0"]
[WhiteElo "2090"]
[BlackElo "1701"]
[PlyCount "55"]
[EventDate "2022.08.24"]
[EventType "swiss"]
[EventRounds "10"]
[EventCountry "COL"]
[SourceTitle "CBM 210 Extra"]
[Source "ChessBase"]
[SourceDate "2022.11.30"]
[SourceVersion "1"]
[SourceVersionDate "2022.11.30"]
[SourceQuality "1"]

1. e4 e5 2. Nf3 Nc6 3. Bb5 a6 4. Ba4 Nf6 5. d3 Bc5 6. c3 Qe7 7. 0-0 0-0 8. d4 Ba7 9. d5 Na5 10. Bc2 d6 11. Nbd2 b5 12. a4 Bd7 13. axb5 Bxb5 14. Rxa5 Bxf1 15. Nxf1 Rfb8 16. b4 Bb6 17. Ra4 Qd7 18. Be3 c5 19. bxc5 Bc7 20. c6 Qc8 21. h3 g6 22. c4 Nh5 23. c5 Ng7 24. cxd6 Bxd6 25. Qa1 f6 26. N1d2 Bb4 27. Nc4 Ne8 28. Nb6 1-0

[Event "Pereira Fiestas de la Cosecha"]
[Site "Pereira"]
[Date "2022.08.26"]
[Round "5"]
[White "Molano, Walter Rene"]
[Black "Pereira Vera, Henry Alberto"]
[Result "1-0"]
[WhiteElo "1701"]
[BlackElo "1831"]
[PlyCount "117"]
[EventDate "2022.08.24"]
[EventType "swiss"]
[EventRounds "10"]
[EventCountry "COL"]
[SourceTitle "CBM 210 Extra"]
[Source "ChessBase"]
[SourceDate "2022.11.30"]
[SourceVersion "1"]
[SourceVersionDate "2022.11.30"]
[SourceQuality "1"]

1. e4 d5 2. exd5 Qxd5 3. Nc3 Qd6 4. Nf3 c6 5. Bc4 Bf5 6. d3 Nf6 7. Be3 e6 8. Qd2 Qc7 9. h3 a5 10. a3 b5 11. Ba2 b4 12. Na4 Nbd7 13. Bc4 Nd5 14. 0-0 Nxe3 15. fxe3 Qg3 16. e4 Bg6 17. Qf2 Qxf2+ 18. Rxf2 bxa3 19. bxa3 Nc5 20. Nc3 Rb8 21. Ne5 Rb6 22. Raf1 f6 23. Nxg6 hxg6 24. d4 Nd7 25. Na4 Rb8 26. Rf3 e5 27. d5 cxd5 28. Bxd5 Nc5 29. Nc3 Nd7 30. a4 Bc5+ 31. Kh1 Rb4 32. Bc6 Rd4 33. Nb5 Rd2 34. Nc7+ Ke7 35. Nd5+ Kd6 36. Bxd7 Kxd7 37. Rb3 Kc6 38. Rc3 g5 39. Rb1 Kd6 40. Rb5 Bd4 41. Rc4 g4 42. Rxa5 Rb8 43. Ra6+ Kd7 44. Rc7+ Ke8 45. hxg4 Bf2 46. Kh2 Kf8 47. Rac6 Rd4 48. Rc8+ Rxc8 49. Rxc8+ Kf7 50. Rc7+ Kf8 51. a5 Ra4 52. Ne7 Rxa5 53. Nf5 Ra4 54. c4 g6 55. Ng7 Bb6 56. Ne6+ Ke8 57. Rb7 Rb4 58. c5 Ba5 59. c6 1-0

[Event "Pereira Fiestas de la Cosecha"]
[Site "Pereira"]
[Date "2022.08.26"]
[Round "6"]
[White "Vargas, Eduar Misael"]
[Black "Molano, Walter Rene"]
[Result "1-0"]
[WhiteElo "1870"]
[BlackElo "1701"]
[PlyCount "65"]
[EventDate "2022.08.24"]
[EventType "swiss"]
[EventRounds "10"]
[EventCountry "COL"]
[SourceTitle "CBM 210 Extra"]
[Source "ChessBase"]
[SourceDate "2022.11.30"]
[SourceVersion "1"]
[SourceVersionDate "2022.11.30"]
[SourceQuality "1"]

1. d4 Nf6 2. c4 g6 3. Nc3 Bg7 4. e4 d6 5. Be2 0-0 6. Nf3 e5 7. 0-0 Nc6 8. d5 Ne7 9. Ne1 c6 10. Be3 cxd5 11. cxd5 h5 12. f3 Kh7 13. a4 h4 14. Rc1 Bd7 15. Nb5 Bxb5 16. Bxb5 Nh5 17. Rf2 f5 18. Rfc2 f4 19. Bf2 g5 20. Rc7 b6 21. Rd7 Qe8 22. Rcc7 Qg6 23. Rxe7 h3 24. g3 fxg3 25. hxg3 Rg8 26. Bd7 Kh8 27. Be6 h2+ 28. Kh1 Nf4 29. gxf4 gxf4 30. Bf5 Qh6 31. Ng2 Raf8 32. Nh4 Rf6 33. Qf1 1-0

[Event "Pereira Fiestas de la Cosecha"]
[Site "Pereira"]
[Date "2022.08.25"]
[Round "3"]
[White "Molano, Walter Rene"]
[Black "Suarez Zapata, Hernando"]
[Result "0-1"]
[WhiteElo "1701"]
[BlackElo "1917"]
[PlyCount "80"]
[EventDate "2022.08.24"]
[EventType "swiss"]
[EventRounds "10"]
[EventCountry "COL"]
[SourceTitle "CBM 210 Extra"]
[Source "ChessBase"]
[SourceDate "2022.11.30"]
[SourceVersion "1"]
[SourceVersionDate "2022.11.30"]
[SourceQuality "1"]

1. e4 e5 2. Nf3 Nc6 3. d4 exd4 4. Nxd4 Bc5 5. Be3 Qf6 6. c3 Nge7 7. Bc4 0-0 8. 0-0 Ne5 9. Nd2 d6 10. Be2 Qg6 11. Bh5 Qf6 12. Qe2 g6 13. Bf3 Bb6 14. Rad1 Qg7 15. Nc4 Nxf3+ 16. Qxf3 Be6 17. Nxb6 axb6 18. Bg5 Nc6 19. Nxc6 f6 20. Ne7+ Qxe7 21. Bh6 Rfe8 22. a3 Bc4 23. Rfe1 d5 24. Re3 dxe4 25. Qg3 Rad8 26. Rde1 Rd3 27. h4 Rxe3 28. Rxe3 Qd6 29. Bf4 Qd1+ 30. Kh2 c6 31. Bh6 Qh5 32. Rxe4 Rxe4 33. Qb8+ Kf7 34. Qf8+ Ke6 35. Qc8+ Kd5 36. Qd8+ Ke5 37. f4+ Kf5 38. Bg5 fxg5 39. Qf8+ Kg4 40. Qc8+ Be6 0-1

[Event "Pereira Gildardo Garcia Memorial-B"]
[Site "Pereira"]
[Date "2022.05.20"]
[Round "4"]
[White "Garcia Alarcon, Alvaro"]
[Black "Molano, Walter Rene"]
[Result "1-0"]
[WhiteElo "1997"]
[BlackElo "1714"]
[PlyCount "71"]
[EventDate "2022.05.18"]
[EventType "swiss"]
[EventRounds "9"]
[EventCountry "COL"]
[SourceTitle "CBM 208 Extra"]
[Source "ChessBase"]
[SourceDate "2022.07.31"]
[SourceVersion "1"]
[SourceVersionDate "2022.07.31"]
[SourceQuality "1"]

1. d4 d5 2. c4 e6 3. Nf3 Bb4+ 4. Bd2 Bxd2+ 5. Qxd2 Ne7 6. Nc3 0-0 7. e3 Nd7 8. Bd3 dxc4 9. Bxc4 Nb6 10. Bd3 Nbd5 11. Ne4 f5 12. Nc5 b6 13. Nb3 Nf6 14. Ne5 Bb7 15. f3 Ng6 16. Nxg6 hxg6 17. Rc1 Nd5 18. 0-0 f4 19. exf4 Rxf4 20. Bxg6 Qd6 21. g3 Rf6 22. Qg5 e5 23. Be4 exd4 24. Bxd5+ Bxd5 25. Nxd4 c6 26. Nf5 Qf8 27. g4 Re8 28. Rfe1 Be6 29. Rxc6 Bxf5 30. Rxe8 Qxe8 31. Rxf6 Qe1+ 32. Kg2 Qe2+ 33. Kg3 Qe1+ 34. Kf4 Qd2+ 35. Kxf5 Qd3+ 36. Ke6 1-0

[Event "COL-ch U2000"]
[Site "Pereira"]
[Date "2022.02.17"]
[Round "2"]
[White "Lopez Ramirez, Jorge Hernan"]
[Black "Molano, Walter Rene"]
[Result "1-0"]
[WhiteElo "1883"]
[BlackElo "1713"]
[PlyCount "46"]
[EventDate "2022.02.16"]
[EventType "swiss"]
[EventRounds "9"]
[EventCountry "COL"]
[SourceTitle "CBM 207 Extra"]
[Source "ChessBase"]
[SourceDate "2022.05.31"]
[SourceVersion "1"]
[SourceVersionDate "2022.05.31"]
[SourceQuality "1"]

1. e4 e5 2. Nf3 Nc6 3. Bb5 a6 4. Ba4 Be7 5. 0-0 d6 6. d4 b5 7. Bb3 Bg4 8. Bd5 Qd7 9. dxe5 Bxf3 10. Qxf3 Nxe5 11. Qb3 c6 12. f4 cxd5 13. fxe5 dxe5 14. Nc3 Bc5+ 15. Kh1 d4 16. Nd5 f6 17. Qg3 Rc8 18. Bd2 Rc6 19. c3 Qf7 20. cxd4 Bxd4 21. Rac1 Rxc1 22. Rxc1 Ne7 23. Nxe7 Qxe7 1-0

[Event "COL Subzt 2.3.4"]
[Site "Risarald"]
[Date "2021.11.26"]
[Round "7"]
[White "Lopez, Ricardo Andres"]
[Black "Molano, Walter Rene"]
[Result "1-0"]
[WhiteElo "1483"]
[BlackElo "1755"]
[PlyCount "91"]
[EventDate "2021.11.23"]
[EventType "swiss"]
[EventRounds "9"]
[EventCountry "COL"]
[SourceTitle "CBM 205 Extra"]
[Source "ChessBase"]
[SourceDate "2022.01.31"]
[SourceVersion "1"]
[SourceVersionDate "2022.01.31"]
[SourceQuality "1"]

1. e4 e5 2. Nf3 Nc6 3. Bb5 a6 4. Ba4 Nf6 5. Qe2 b5 6. Bb3 d6 7. c3 Be7 8. 0-0 0-0 9. d3 h6 10. Nbd2 Be6 11. Bc2 Nh5 12. Nb3 Nf4 13. Bxf4 exf4 14. h3 Ne5 15. Rfd1 Qc8 16. Nbd4 c5 17. Nxe6 fxe6 18. Nxe5 dxe5 19. Rac1 f3 20. gxf3 Bg5 21. Rb1 Bf4 22. Kg2 Qe8 23. Rh1 Qh5 24. Rbg1 Bg5 25. Bb3 c4 26. dxc4 Rad8 27. Rd1 Rxd1 28. Rxd1 Rf6 29. cxb5 Rg6 30. Rh1 Bf4+ 31. Kf1 Qg5 32. Ke1 axb5 33. Qxb5 Qg2 34. Rf1 Qxf3 35. Qe2 Qxh3 36. a4 Rf6 37. a5 Rf8 38. a6 Rd8 39. a7 Qg2 40. Bxe6+ Kh7 41. Bd5 Rxd5 42. exd5 Qxd5 43. f3 Bg3+ 44. Rf2 Qc5 45. Qe4+ g6 46. Qb7+ 1-0

[Event "COL Subzt 2.3.4"]
[Site "Risarald"]
[Date "2021.11.25"]
[Round "4"]
[White "Molano, Walter Rene"]
[Black "Moreno Hernandez, Andres Mauricio"]
[Result "0-1"]
[WhiteElo "1755"]
[BlackElo "1387"]
[PlyCount "88"]
[EventDate "2021.11.23"]
[EventType "swiss"]
[EventRounds "9"]
[EventCountry "COL"]
[SourceTitle "CBM 205 Extra"]
[Source "ChessBase"]
[SourceDate "2022.01.31"]
[SourceVersion "1"]
[SourceVersionDate "2022.01.31"]
[SourceQuality "1"]

1. e4 c6 2. d4 d5 3. Nc3 dxe4 4. Nxe4 Bf5 5. Ng3 Bg6 6. Nf3 Nd7 7. Bc4 e6 8. 0-0 Bd6 9. Re1 Qc7 10. Bb3 0-0-0 11. c4 c5 12. d5 exd5 13. cxd5 Ngf6 14. Be3 Ng4 15. Rc1 Nxe3 16. fxe3 Ne5 17. e4 Kb8 18. Nd4 Qb6 19. Ngf5 c4 20. Kh1 Nd3 21. Rf1 Nxc1 22. Bxc4 Nxa2 23. Nxd6 Rxd6 24. e5 Rdd8 25. Bxa2 Qxb2 26. Bc4 Rhe8 27. Nf3 Bh5 28. Bb5 Qxb5 29. h3 Rxe5 30. g4 Bg6 31. Rf2 Rexd5 32. Rd2 Rxd2 33. Nxd2 Be4+ 34. Kg1 Qc5+ 35. Kf1 Qb5+ 36. Ke1 Re8 37. Kf2 Qc5+ 38. Kg3 Qe3+ 39. Kh4 g5+ 40. Kh5 Bg6+ 41. Kh6 Qxh3+ 42. Kg7 Qc3+ 43. Kh6 Rg8 44. Nf3 Qg7+ 0-1

[Event "Manizales Las Americas op-B"]
[Site "Manizales"]
[Date "2021.10.17"]
[Round "6"]
[White "Pelaez, Hernan"]
[Black "Molano, Walter Rene"]
[Result "1-0"]
[WhiteElo "1666"]
[BlackElo "1775"]
[PlyCount "28"]
[EventDate "2021.10.14"]
[EventType "swiss"]
[EventRounds "9"]
[EventCountry "COL"]
[SourceTitle "EXT 2023"]
[Source "ChessBase"]
[SourceDate "2022.10.05"]
[SourceVersion "1"]
[SourceVersionDate "2022.10.05"]
[SourceQuality "1"]

1. Nf3 Nf6 2. c4 Nc6 3. d4 d5 4. cxd5 Qxd5 5. Nc3 Qd8 6. d5 Nb8 7. Bg5 h6 8. Bh4 e6 9. e4 Be7 10. Bxf6 gxf6 11. Bb5+ Bd7 12. dxe6 fxe6 13. Nd4 Nc6 14. Qh5+ Kf8 1-0

[Event "COL-ch sf"]
[Site "Santa Rosa"]
[Date "2021.08.16"]
[Round "11"]
[White "Molano, Walter Rene"]
[Black "Valderrama Castano, Julian Camilo"]
[Result "0-1"]
[WhiteElo "1764"]
[BlackElo "1910"]
[PlyCount "48"]
[EventDate "2021.08.11"]
[EventType "swiss"]
[EventRounds "11"]
[EventCountry "COL"]
[SourceTitle "CBM 204 Extra"]
[Source "ChessBase"]
[SourceDate "2021.11.30"]
[SourceVersion "1"]
[SourceVersionDate "2021.11.30"]
[SourceQuality "1"]

1. e4 e6 2. d4 d5 3. Nc3 Bb4 4. exd5 exd5 5. Nf3 Ne7 6. Bd3 0-0 7. 0-0 c6 8. Ne2 Bf5 9. c3 Bd6 10. Ng3 Bxg3 11. hxg3 Na6 12. Kh2 Qd7 13. Rh1 Bxd3 14. Qxd3 Qf5 15. Qd1 Ng6 16. Be3 Rae8 17. Kg1 Re4 18. Qd2 f6 19. b4 Nc7 20. a4 Ne8 21. b5 Nd6 22. Qd3 Rfe8 23. Nd2 Rxe3 24. Qxf5 Re1+ 0-1

[Event "Pereira Pelaez Memorial"]
[Site "Pereira"]
[Date "2021.06.07"]
[Round "7"]
[White "Molano, Walter Rene"]
[Black "Benavides, Ricardo"]
[Result "1-0"]
[WhiteElo "1727"]
[BlackElo "1810"]
[PlyCount "93"]
[EventDate "2021.06.04"]
[EventType "swiss"]
[EventRounds "7"]
[EventCountry "COL"]
[SourceTitle "CBM 202 Extra"]
[Source "ChessBase"]
[SourceDate "2021.07.31"]
[SourceVersion "1"]
[SourceVersionDate "2021.07.31"]
[SourceQuality "1"]

1. e4 c5 2. Nf3 g6 3. d4 cxd4 4. Nxd4 Nc6 5. Be3 Nf6 6. Nc3 d6 7. Bc4 Ng4 8. Nxc6 bxc6 9. Qe2 Nxe3 10. Qxe3 Bg7 11. 0-0 0-0 12. Nd1 Qc7 13. c3 e6 14. f3 Qb6 15. Rf2 d5 16. exd5 cxd5 17. Qxb6 axb6 18. Bd3 Ba6 19. Bxa6 Rxa6 20. Rd2 b5 21. a3 h5 22. Nf2 Rb8 23. Rad1 Kf8 24. Nd3 Rc8 25. Nb4 Rb6 26. Kf2 Ke8 27. f4 Bf8 28. Nd3 Rc4 29. Kf3 Bg7 30. Re2 Kf8 31. Nb4 Bf6 32. Nc2 Rbc6 33. g3 Kg7 34. h4 Rc7 35. Red2 Kf8 36. Ra1 Kg7 37. Ne3 R4c6 38. Nc2 Ra6 39. Nb4 Rb6 40. Ke3 Ra7 41. Kd3 Rbb7 42. Nc2 Rc7 43. Ne3 Be7 44. Rc2 b4 45. cxb4 Bxb4 46. Rxc7 Rxc7 47. axb4 1-0

[Event "Pereira op-B"]
[Site "Pereira"]
[Date "2021.02.27"]
[Round "5"]
[White "Finley Rosero, Karol Valentina"]
[Black "Molano, Walter Rene"]
[Result "0-1"]
[WhiteElo "1655"]
[BlackElo "1707"]
[PlyCount "78"]
[EventDate "2021.02.25"]
[EventType "swiss"]
[EventRounds "7"]
[EventCountry "COL"]
[SourceTitle "EXT 2022"]
[Source "ChessBase"]
[SourceDate "2021.10.06"]
[SourceVersion "1"]
[SourceVersionDate "2021.10.06"]
[SourceQuality "1"]

1. e4 e5 2. Nf3 Nc6 3. Bb5 Nf6 4. d4 Nxe4 5. Qe2 d5 6. Nxe5 Bd7 7. Nxd7 Kxd7 8. c4 Bb4+ 9. Bd2 Kc8 10. Bxb4 Nxb4 11. 0-0 Nd6 12. a3 Nc6 13. Bxc6 bxc6 14. cxd5 cxd5 15. Nc3 Qg5 16. Rac1 Kd7 17. Nb5 c6 18. Nxd6 Kxd6 19. Rc3 Rhc8 20. Rfc1 Rc7 21. Qc2 Rac8 22. Rg3 Qf6 23. Qc5+ Kd7 24. Rf3 Qe7 25. Qc2 g6 26. Re3 Qf6 27. Qc3 c5 28. Qb3 c4 29. Qb5+ Qc6 30. Qb4 Qd6 31. Qb5+ Qc6 32. Qb4 Qb6 33. Qe7+ Kc6 34. Qf6+ Kb7 35. Qxb6+ axb6 36. Re5 Rd7 37. Kf1 Ka6 38. Ke2 Kb5 39. b3 cxb3 0-1

[Event "Pereira Risaraldense Cup-D"]
[Site "Pereira"]
[Date "2021.01.23"]
[Round "7"]
[White "Molano, Walter Rene"]
[Black "Jaramillo, Carlos Orlando"]
[Result "0-1"]
[WhiteElo "1693"]
[BlackElo "1959"]
[PlyCount "51"]
[EventDate "2021.01.20"]
[EventType "tourn"]
[EventRounds "9"]
[EventCountry "COL"]
[SourceTitle "CBM 200 Extra"]
[Source "ChessBase"]
[SourceDate "2021.03.31"]
[SourceVersion "1"]
[SourceVersionDate "2021.03.31"]
[SourceQuality "1"]

1. e4 Nf6 2. Nc3 Nc6 3. Nf3 d6 4. d4 Bg4 5. Bb5 a6 6. Bxc6+ bxc6 7. h3 Bh5 8. Bg5 Qb8 9. Rb1 Qb6 10. Qd3 h6 11. Bxf6 gxf6 12. Nd2 Rg8 13. g4 Bg6 14. f4 e6 15. f5 Bh7 16. Kd1 d5 17. Re1 0-0-0 18. Nb3 Bb4 19. Re3 h5 20. a3 Bxc3 21. bxc3 hxg4 22. Kc1 gxh3 23. Re1 dxe4 24. Qf1 Bxf5 25. Nc5 Qa5 26. Rb3 0-1